LEADER 00770nam a2200205 i 4500 001 000000251193 003 CaOOAMICUS 005 20160919000000.0 008 160919s1913 it u000 u ita u 013 $a230098 040 $aSeMil$bita 100 1 $aBertacchi, Giovanni,$d<1869-1942>.$0(OLS)http://semarc/name/11474 245 10$aPoemetti lirici e Liriche umane /$cGiovanni Bertacchi. 250 $a3. Edizione riveduta. 260 $aMilano :$bBaldini&Castoldi,$c1913. 300 $a238 p. ;$c15 cm. 850 $aSeMil 852 $aSeMil$W1$xVenegono$y1$m1C I 275$j238719$B201539$CSeMilBibl$Z2$F213573 $81 996 $6245$aPoemetti lirici e Liriche umane$9(OLS)http://semarc/title/353321 996 $6260$aMilano :$bBaldini&Castoldi$9(OLS)http://semarc/publisher/31951 LEADER 01670nam a2200337 i 4500 001 000000252407 003 CaOOAMICUS 005 20250722123902.0 008 161230s2016 it u000 u ita u 013 $a231312 020 $a978-88-215-9732-9 040 $aSeMil$bita 245 00$aPer mezzo della fede :$bdottrina della giustificazione ed esperienza di Dio nella predicazione della Chiesa e negli Esercizi Spirituali /$ca cura di Daniele Libanori. 260 $aCinisello Balsamo :$bSan Paolo,$c2016. 300 $a199 p. ;$c21 cm. 490 0 $aUniverso teologia ;$v113. 500 $aContiene intervista a S.S. il papa emerito Benedetto 16. sulla questione della giustificazione per la fede. 650 4$aEsercizi spirituali.$0(OLS)http://semarc/subject/175 650 4$aGiustificazione.$0(OLS)http://semarc/subject/5986 700 1 $aLibanori, Daniele .$0(OLS)http://semarc/name/93582 700 0 $aBenedictus XV,$c.$0(OLS)http://semarc/name/12956 830 0$aUniverso teologia ;$v113.$0(OLS)http://semarc/title/224 850 $aSeMil 852 $aSeMil$W1$xVenegono$y1$m2B III 561$j257497$B202753$CSeMilBibl$Z2$F215497 $81 900 0 $aBenedetto XV$c. 961 $aSottoscrizione: San Paolo 996 $6020$a978-88-215-9732-9$9(OLS)http://semarc/number/274744 996 $6245$aPer mezzo della fede :$bdottrina della giustificazione ed esperienza di Dio nella predicazione della Chiesa e negli Esercizi Spirituali$9(OLS)http://semarc/title/409913 996 $6260$aCinisello Balsamo :$bSan Paolo$9(OLS)http://semarc/publisher/30129